<?xml version="1.0" encoding="UTF-8"?>
<record
    xmlns:xsi="http://www.w3.org/2001/XMLSchema-instance"
    xsi:schemaLocation="http://www.loc.gov/MARC21/slim http://www.loc.gov/standards/marcxml/schema/MARC21slim.xsd"
    xmlns="http://www.loc.gov/MARC21/slim">

  <leader>01003nam a22001937a 4500</leader>
  <datafield tag="999" ind1=" " ind2=" ">
    <subfield code="c">8399</subfield>
    <subfield code="d">8399</subfield>
  </datafield>
  <controlfield tag="003">GBCCL</controlfield>
  <controlfield tag="005">20241126110650.0</controlfield>
  <controlfield tag="008">210209b           ||||| |||| 00| 0 eng d</controlfield>
  <datafield tag="020" ind1=" " ind2=" ">
    <subfield code="a">9788193900659</subfield>
  </datafield>
  <datafield tag="040" ind1=" " ind2=" ">
    <subfield code="c">GBC</subfield>
  </datafield>
  <datafield tag="082" ind1=" " ind2=" ">
    <subfield code="a">224.106</subfield>
    <subfield code="b">MAC</subfield>
  </datafield>
  <datafield tag="100" ind1=" " ind2=" ">
    <subfield code="a">MacArthur, John,</subfield>
    <subfield code="d">1939-</subfield>
    <subfield code="e">author.</subfield>
    <subfield code="9">1165</subfield>
  </datafield>
  <datafield tag="245" ind1=" " ind2=" ">
    <subfield code="a">The Gospel according to God :</subfield>
    <subfield code="b">rediscovering the most remarkable chapter in the Old Testament /</subfield>
    <subfield code="c">John MacArthur.</subfield>
  </datafield>
  <datafield tag="300" ind1=" " ind2=" ">
    <subfield code="a">224 pages ;</subfield>
    <subfield code="b">24 cm</subfield>
  </datafield>
  <datafield tag="504" ind1=" " ind2=" ">
    <subfield code="a">Includes bliographical references and index.</subfield>
  </datafield>
  <datafield tag="505" ind1=" " ind2=" ">
    <subfield code="a">The suffering servant -- The most remarkable chapter in the Old Testament -- Of whom does the prophet say this? -- Astonishing! -- What if some did not believe? -- The substituted servant -- The silent servant -- The suffering and exalted servant -- The sin-bearing servant -- The life and times of Isaiah the Prophet -- Here am I! send me -- Judah's demise -- The man of sorrows.</subfield>
  </datafield>
  <datafield tag="650" ind1=" " ind2=" ">
    <subfield code="a">Bible.</subfield>
    <subfield code="v">Isaiah, LII, 13-LIII</subfield>
    <subfield code="x">Commentaries.</subfield>
    <subfield code="9">14701</subfield>
  </datafield>
  <datafield tag="942" ind1=" " ind2=" ">
    <subfield code="2">ddc</subfield>
    <subfield code="c">BK</subfield>
    <subfield code="0">3</subfield>
  </datafield>
  <datafield tag="952" ind1=" " ind2=" ">
    <subfield code="0">0</subfield>
    <subfield code="1">0</subfield>
    <subfield code="2">ddc</subfield>
    <subfield code="4">0</subfield>
    <subfield code="7">0</subfield>
    <subfield code="a">GBC</subfield>
    <subfield code="b">GBC</subfield>
    <subfield code="c">BS</subfield>
    <subfield code="d">2021-02-09</subfield>
    <subfield code="l">1</subfield>
    <subfield code="o">224.106 MAC</subfield>
    <subfield code="p">013932</subfield>
    <subfield code="r">2025-05-01 00:00:00</subfield>
    <subfield code="s">2024-11-19</subfield>
    <subfield code="t">c.1</subfield>
    <subfield code="w">2021-02-09</subfield>
    <subfield code="y">BK</subfield>
  </datafield>
  <datafield tag="952" ind1=" " ind2=" ">
    <subfield code="0">0</subfield>
    <subfield code="1">0</subfield>
    <subfield code="2">ddc</subfield>
    <subfield code="4">0</subfield>
    <subfield code="7">0</subfield>
    <subfield code="a">GBC</subfield>
    <subfield code="b">GBC</subfield>
    <subfield code="c">BS</subfield>
    <subfield code="d">2021-02-09</subfield>
    <subfield code="l">0</subfield>
    <subfield code="o">224.106 MAC</subfield>
    <subfield code="p">013933</subfield>
    <subfield code="r">2025-05-01 00:00:00</subfield>
    <subfield code="t">c.2</subfield>
    <subfield code="w">2021-02-09</subfield>
    <subfield code="y">BK</subfield>
  </datafield>
  <datafield tag="952" ind1=" " ind2=" ">
    <subfield code="0">0</subfield>
    <subfield code="1">0</subfield>
    <subfield code="2">ddc</subfield>
    <subfield code="4">0</subfield>
    <subfield code="7">0</subfield>
    <subfield code="a">GBC</subfield>
    <subfield code="b">GBC</subfield>
    <subfield code="c">BS</subfield>
    <subfield code="d">2021-02-09</subfield>
    <subfield code="l">3</subfield>
    <subfield code="o">224.106 MAC</subfield>
    <subfield code="p">013934</subfield>
    <subfield code="r">2025-11-10 14:41:02</subfield>
    <subfield code="s">2025-11-05</subfield>
    <subfield code="t">c.3</subfield>
    <subfield code="w">2021-02-09</subfield>
    <subfield code="y">BK</subfield>
  </datafield>
</record>
